| 000 | 004970000a22001810004500 | ||
|---|---|---|---|
| 020 | _a0-8308-1268-7 | ||
| 041 | 0 | _aENG | |
| 082 | 0 | 4 | _aE 220. 6 K9611 |
| 100 | 1 | _aKuhatschek, Jack | |
| 245 | 1 | 0 | _aApplying the biblie / Jack Kuhatschek |
| 260 | _aDowners Grove, Illinois : Intervarsity press, 1990 | ||
| 300 | _a163 p. | ||
| 440 | 0 | _ataking the guesswork out of | |
| 505 | 0 | 0 | _aLos principios de interpretación bíblica |
| 650 | 1 | 4 | _aINTERPRETACION DE LA BIBLIA |
| 001 | 17289 | ||
| 942 | _cBK | ||
| 999 |
_c43951 _d43951 |
||